000
00471nam a2200181Ia 4500
008
090123s9999 xx 000 0 und d
082
_b
37337
100
_a
राऊत शोभा
245
_a
अचानक
250
_a
1
260
_b
सुकृत प्रकाशन
_c
2004
300
_a
249
600
_a
राऊत शोभा
630
_a
अचानक
700
_a
राऊत शोभा
730
_a
अचानक
942
_c
BOOK
999
_c
75405
_d
75405